ბათუმის შოთა რუსთაველის სახელმწიფო უნივერსიტეტის ბიბლიოთეკა

კერძო სამართლის მიმოხილვა : (ბიბ.ჩანაწერი № 57357)

000 -LEADER
fixed length control field 00873nam a22001817a 4500
005 - DATE AND TIME OF LATEST TRANSACTION
control field 20200601150945.0
008 - FIXED-LENGTH DATA ELEMENTS--GENERAL INFORMATION
fixed length control field 200601c2019 ge ||||| |||| 00| 0 geo d
022 ## - INTERNATIONAL STANDARD SERIAL NUMBER
International Standard Serial Number 9789941257070
041 ## - LANGUAGE CODE
Language code of text/sound track or separate title geo
245 ## - TITLE STATEMENT
Title კერძო სამართლის მიმოხილვა :
Remainder of title № 2 2019 /
Statement of responsibility, etc. რედ. ბესარიონ ზოიძე, თამარ ზარანდია, მარიკა დუმბაძე და სხვ.
260 ## - PUBLICATION, DISTRIBUTION, ETC.
Place of publication, distribution, etc. თბილისი :
Name of publisher, distributor, etc. თსუ ;
Date of publication, distribution, etc. 2019
300 ## - PHYSICAL DESCRIPTION
Extent V.
653 ## - INDEX TERM--UNCONTROLLED
Uncontrolled term სამართალი
700 ## - ADDED ENTRY--PERSONAL NAME
Personal name ზოიძე, ბესარიონ
Relator term რედაქტორი
9 (RLIN) 8272
700 ## - ADDED ENTRY--PERSONAL NAME
Personal name ზარანდია, თამარ
Relator term რედაქტორი
9 (RLIN) 5936
700 ## - ADDED ENTRY--PERSONAL NAME
Personal name დუმბაძე, მარიკა
Relator term რედაქტორი
9 (RLIN) 8273
942 ## - ADDED ENTRY ELEMENTS (KOHA)
Source of classification or shelving scheme
Koha item type პერიოდიკა
ეგზემპლარები
Withdrawn status Lost status Source of classification or shelving scheme Damaged status Not for loan Permanent Location Current Location Shelving location Date acquired Serial Enumeration / chronology Barcode Date last seen Copy number Price effective from Koha item type
        შიდა ფონდი ბათუმის შოთა რუსთაველის სახელმწიფო უნივერსიტეტის მთავარი ბიბლიოთეკა ბათუმის შოთა რუსთაველის სახელმწიფო უნივერსიტეტის მთავარი ბიბლიოთეკა წიგნსაცავი 2020-06-01 № 2 2019 80614 2020-06-01 80614 2020-06-01 პერიოდიკა